000 00295nam a2200133Ia 4500
100 _aKeller/ I.W./ Hanslr
942 _cBK
654 _aManagement
245 _aManagement accounting
260 _bTata Mc Graw hill
_aNew Delhi
_c1977
082 _a658.15
300 _a744
546 _aENGLISH
999 _c21557
_d21557